Pratiquer le marketing en 10 cas d'entreprises : Renault, La Box des Chefs, Lacoste... (notice n° 2154027)

détails MARC
000 -LEADER
fixed length control field 01737cam a2200145 4500500
005 - DATE AND TIME OF LATEST TRANSACTION
control field 20260405032336.0
041 ## - LANGUAGE CODE
Language code of text/sound track or separate title fre
042 ## - AUTHENTICATION CODE
Authentication code dc
100 10 - MAIN ENTRY--PERSONAL NAME
Personal name Garcia, Claire
Relator term author
245 00 - TITLE STATEMENT
Title Pratiquer le marketing en 10 cas d'entreprises : Renault, La Box des Chefs, Lacoste...
260 ## - PUBLICATION, DISTRIBUTION, ETC.
Name of publisher, distributor, etc. Dunod,<br/>
Date of publication, distribution, etc. 2021.<br/>
520 ## - SUMMARY, ETC.
Summary, etc. Comment s'implanter et fidéliser sur le marché de la presbytie? Comment s'imposer sur le marché de la fenêtre PVC? Comment écouler les invendus des restaurants et réduire le gaspillage alimentaire? Comment s'installer sur le marché du crossover en Europe? Comment devenir un facilitateur de développement durable? Comment rentrer sur un marché de niche, celui du luxe d'exception? Comment organiser une opération de sponsoring pour conquérir le marché marocain du golf? Comment échapper à l'effet de mode et pérenniser l'activité? Comment attirer le public vers la philatélie? Comment s'implanter sur le marché français? Ces 10 études de cas permettent de mettre en pratique les concepts, savoir-faire et outils du marketing : pénétration d'un nouveau marché, élaboration de stratégie, sponsoring, fidélisation, stratégie média, etc. Chaque cas propose de manière claire et structurée : • la problématique, la synthèse du cas, les objectifs ainsi que les outils mobilisés ; • les données importantes sur l’entreprise et son environnement ; • une série de questions à se poser pour guider sa réflexion ; • une analyse détaillée proposant des recommandations stratégiques.
700 10 - ADDED ENTRY--PERSONAL NAME
Personal name Martinez, Jean-Louis
Relator term author
856 41 - ELECTRONIC LOCATION AND ACCESS
Uniform Resource Identifier <a href="https://shs.cairn.info/pratiquer-le-marketing-en-10-cas-d-entreprises--9782100815692?lang=fr&redirect-ssocas=7080">https://shs.cairn.info/pratiquer-le-marketing-en-10-cas-d-entreprises--9782100815692?lang=fr&redirect-ssocas=7080</a>

Pas d'exemplaire disponible.

PLUDOC

PLUDOC est la plateforme unique et centralisée de gestion des bibliothèques physiques et numériques de Guinée administré par le CEDUST. Elle est la plus grande base de données de ressources documentaires pour les Étudiants, Enseignants chercheurs et Chercheurs de Guinée.

Adresse

627 919 101/664 919 101

25 boulevard du commerce
Kaloum, Conakry, Guinée

Réseaux sociaux

Powered by Netsen Group @ 2025